[Event "Ostravský koník 2014 - FIDE Open B"]
[Site "Ostrava, CZE"]
[Date "2014.04.28"]
[Round "3"]
[White "Prokop, Tomás"]
[Black "Mikesch, Dalibor"]
[Result "1-0"]
[WhiteElo "1866"]
[BlackElo "1293"]
[PlyCount "111"]

1. c4 e5 2. Nc3 Nf6 3. g3 Bc5 4. Bg2 O-O 5. d3 d6 6. Nf3 Bg4 7. O-O Nc6 8. a3
a6 9. Bg5 h6 10. Bxf6 Qxf6 11. Ne4 Qe6 12. Nxc5 dxc5 13. Re1 Rad8 14. Qb3 b6
15. Qc3 Nd4 16. Nxd4 cxd4 17. Qd2 c5 18. b4 Bf5 19. bxc5 bxc5 20. Rab1 e4 21.
dxe4 Bxe4 22. Bxe4 Qxe4 23. Qd3 Qe6 24. Rb2 Rb8 25. Rxb8 Rxb8 26. e3 Rd8 27.
Rb1 Qe7 28. exd4 Rxd4 29. Rb8+ Qf8 30. Rxf8+ Kxf8 31. Qb3 Ke7 32. Qb7+ Ke8 33.
Qc8+ Rd8 34. Qxc5 Kd7 35. Qd5+ Ke8 36. Qe5+ Kf8 37. c5 Rc8 38. Qd6+ Ke8 39. c6
Rd8 40. Qe5+ Kf8 41. Qa5 Ra8 42. Qb6 Kg8 43. c7 Rc8 44. Qb8 Rxb8 45. cxb8=Q+
Kh7 46. a4 a5 47. Qa7 f6 48. Qxa5 g5 49. Qf5+ Kg7 50. a5 h5 51. a6 h4 52. gxh4
gxh4 53. a7 h3 54. a8=Q Kf7 55. Qb7+ Kg8 56. Qfc8# 1-0

[Event "Ostravský koník 2014 - FIDE Open B"]
[Site "Ostrava, CZE"]
[Date "2014.04.28"]
[Round "3"]
[White "Lipka, Petr"]
[Black "Hurta, Jirí"]
[Result "0-1"]
[WhiteElo "1676"]
[BlackElo "1844"]
[PlyCount "80"]

1. d4 Nf6 2. c4 g6 3. Nc3 Bg7 4. e4 d6 5. Be2 O-O 6. h3 c5 7. d5 b5 8. cxb5 a6
9. Qc2 axb5 10. Bxb5 Ba6 11. Be2 e6 12. dxe6 fxe6 13. Nf3 Nc6 14. Bxa6 Rxa6 15.
Qb3 Qd7 16. O-O Nd4 17. Qd1 Nh5 18. Nxd4 cxd4 19. Ne2 e5 20. Qd3 Rb6 21. b3 Bf6
22. Bd2 Bh4 23. f4 Rbb8 24. Rf3 Be7 25. g4 Ng7 26. f5 gxf5 27. gxf5 Kh8 28. Kh2
d5 29. Raf1 dxe4 30. Qxe4 Bf6 31. Bh6 Rb6 32. Ng3 Qc6 33. Qd3 Ra6 34. a4 Rb6
35. Ne4 Qd5 36. Bxg7+ Bxg7 37. f6 Bh6 38. Rc1 Bf4+ 39. Kh1 Bxc1 40. Nf2 Rbxf6
0-1

[Event "Ostravský koník 2014 - FIDE Open B"]
[Site "Ostrava, CZE"]
[Date "2014.04.28"]
[Round "3"]
[White "Kuchar, Matej"]
[Black "Kleèka, Ivo"]
[Result "1-0"]
[WhiteElo "1693"]
[BlackElo "1756"]
[PlyCount "57"]

1. e4 c5 2. Nf3 Nc6 3. d4 cxd4 4. Nxd4 e5 5. Nb5 d6 6. N1c3 a6 7. Na3 Be6 8.
Nc4 b5 9. Ne3 Rc8 10. a4 b4 11. Ncd5 a5 12. Ba6 Rb8 13. Bb5 Rc8 14. O-O Be7 15.
Nc4 Kf8 16. Ncb6 Bxd5 17. Nxc8 Bxe4 18. Nxe7 Ngxe7 19. Re1 Bg6 20. c3 Qc7 21.
Bg5 f6 22. Be3 Bf7 23. Rc1 b3 24. c4 Nf5 25. Bxc6 Qxc6 26. Qxb3 Nh4 27. f3
Nxf3+ 28. gxf3 Qxf3 29. Qb8+ 1-0

[Event "Ostravský koník 2014 - FIDE Open B"]
[Site "Ostrava, CZE"]
[Date "2014.04.28"]
[Round "3"]
[White "Vyvial, Patrik"]
[Black "Zizka, Radim"]
[Result "0-1"]
[WhiteElo "1323"]
[BlackElo "1687"]
[PlyCount "116"]

1. e4 e5 2. Nf3 Nc6 3. Nc3 Nf6 4. d4 Bb4 5. Bg5 d6 6. dxe5 Bxc3+ 7. bxc3 dxe5
8. Qxd8+ Kxd8 9. Bxf6+ gxf6 10. Rd1+ Ke7 11. Bb5 Bd7 12. O-O a6 13. Bc4 Be6 14.
Bb3 Rhd8 15. Rfe1 Rd6 16. Rxd6 cxd6 17. Rd1 Rc8 18. Bd5 Bxd5 19. Rxd5 Na7 20.
Nh4 Rc6 21. Nf5+ Kd7 22. a4 Nc8 23. Rd3 Ne7 24. Nh6 Ke6 25. Kf1 Rc4 26. f3 Rxa4
27. Ng4 Rc4 28. Ne3 Rc8 29. c4 Rc5 30. Ke2 b5 31. Ra3 Rc6 32. Nd5 bxc4 33. Nb4
Rb6 34. Nxa6 Kd7 35. c3 Nc6 36. Ra4 Rb2+ 37. Kf1 Rb6 38. Nb4 Nxb4 39. Rxb4 Rxb4
40. cxb4 Kc6 41. Ke1 Kb5 42. Kd2 Kxb4 43. Kc2 c3 44. g4 Kc4 45. h3 Kd4 46. h4
h6 47. f4 exf4 48. e5 dxe5 49. g5 fxg5 50. hxg5 hxg5 51. Kd1 Kd3 52. Ke1 c2 53.
Kf2 g4 54. Kg2 Ke3 55. Kg1 c1=Q+ 56. Kh2 Qd2+ 57. Kg1 Kf3 58. Kh1 Qg2# 0-1

[Event "Ostravský koník 2014 - FIDE Open B"]
[Site "Ostrava, CZE"]
[Date "2014.04.28"]
[Round "3"]
[White "Gemsová, Tereza"]
[Black "Románek, Zdenek"]
[Result "0-1"]
[WhiteElo "1272"]
[BlackElo "1671"]
[PlyCount "106"]

1. e4 e6 2. d4 d5 3. e5 c5 4. c3 Nc6 5. Nf3 Bd7 6. Be3 Qb6 7. Qc2 cxd4 8. cxd4
Rc8 9. Nc3 Nge7 10. g3 Nf5 11. Qd2 Nxe3 12. fxe3 Be7 13. Bg2 Qa6 14. Qe2 Qxe2+
15. Nxe2 Nb4 16. O-O Bb5 17. Rf2 Nd3 18. Rff1 Nxb2 19. Rfe1 O-O 20. a3 Rc2 21.
Nf4 Rfc8 22. Reb1 Ba6 23. Ne1 Rd2 24. Nf3 Rxg2+ 25. Nxg2 Nc4 26. a4 g5 27. Rc1
Rc6 28. h3 h5 29. g4 h4 30. Nge1 Kg7 31. Kf2 Kg6 32. Rc2 Rb6 33. Nd3 Rb3 34.
Nfe1 b6 35. Rac1 Ba3 36. Rc3 Bxc1 37. Rxb3 Bxe3+ 38. Kg2 Bxd4 39. Nc2 Bxe5 40.
Nxe5+ Nxe5 41. Nd4 Bc4 42. Rb2 Nd3 43. Rb1 Nc5 44. Ra1 e5 45. Nc6 f6 46. Nxa7
Bb3 47. a5 bxa5 48. Rxa5 Ne6 49. Kf3 Nc7 50. Nb5 e4+ 51. Ke2 Nxb5 52. Rxb5 Bc4+
53. Ke3 Bxb5 0-1

[Event "Ostravský koník 2014 - FIDE Open B"]
[Site "Ostrava, CZE"]
[Date "2014.04.28"]
[Round "3"]
[White "Sándor, Stefan"]
[Black "Koki, Jan"]
[Result "1-0"]
[WhiteElo "1653"]
[BlackElo "1595"]
[PlyCount "95"]

1. e4 c6 2. Nf3 d5 3. exd5 cxd5 4. d4 h6 5. c3 Nd7 6. Bd3 e6 7. O-O Be7 8. Bf4
a6 9. Nbd2 Ngf6 10. Ne5 Nxe5 11. Bxe5 Bd6 12. Qe2 Bxe5 13. Qxe5 O-O 14. Qe2 Nd7
15. f4 Nf6 16. Nf3 Re8 17. Ne5 Kf8 18. Rf2 Nd7 19. Raf1 Ke7 20. f5 Nxe5 21.
Qxe5 f6 22. Qe2 Kd6 23. fxe6 Rxe6 24. Qd2 Kc7 25. Re2 Rxe2 26. Qxe2 Bd7 27. Re1
Qe8 28. Qe7 Qf8 29. Bf5 Qxe7 30. Rxe7 Rd8 31. Rxg7 Kd6 32. Rxd7+ Rxd7 33. Bxd7
Kxd7 34. g4 Ke6 35. Kf2 f5 36. Kf3 b5 37. b4 fxg4+ 38. Kxg4 Kf6 39. h3 Kg6 40.
h4 h5+ 41. Kf4 Kf6 42. a3 Kg6 43. Ke5 Kf7 44. Kxd5 Kf6 45. Ke4 Ke6 46. d5+ Kf6
47. Kd4 Kf5 48. Kc5 1-0

[Event "Ostravský koník 2014 - FIDE Open B"]
[Site "Ostrava, CZE"]
[Date "2014.04.28"]
[Round "3"]
[White "Simon, David"]
[Black "Bohanesová, Vendula"]
[Result "0-1"]
[WhiteElo "1250"]
[BlackElo "1652"]
[PlyCount "98"]

1. c4 e6 2. g3 d5 3. cxd5 exd5 4. e3 Nf6 5. d4 Nc6 6. Bg2 Be7 7. Ne2 O-O 8. O-O
Be6 9. Nd2 Qd7 10. Re1 Bh3 11. Nf4 Bxg2 12. Nxg2 Rae8 13. b3 Bb4 14. a3 Bc3 15.
Ra2 Re6 16. b4 Rfe8 17. Rc2 Ne4 18. Nf4 R6e7 19. Qh5 Bxd2 20. Bxd2 Nf6 21. Qh3
Qxh3 22. Nxh3 Nxd4 23. exd4 Rxe1+ 24. Bxe1 Rxe1+ 25. Kg2 c6 26. Nf4 h6 27. Nd3
Rd1 28. Nc5 Rxd4 29. Nxb7 Rc4 30. Rd2 Ne4 31. Rd3 Kf8 32. Na5 Rc2 33. Rf3 f6
34. h4 Ke7 35. Nb3 Kd6 36. Nd4 Rc1 37. Nf5+ Ke5 38. Nxg7 d4 39. Rf5+ Kd6 40. f3
Rc2+ 41. Kg1 d3 42. fxe4 d2 43. Rf1 Rc1 44. Nf5+ Ke5 45. Ne3 Kxe4 46. Nd1 Kd3
47. Nb2+ Kc2 48. Nc4 Rxf1+ 49. Kxf1 d1=Q+ 0-1

[Event "Ostravský koník 2014 - FIDE Open B"]
[Site "Ostrava, CZE"]
[Date "2014.04.28"]
[Round "3"]
[White "Prívozník, Lubos"]
[Black "Mièa, Marek"]
[Result "1/2-1/2"]
[WhiteElo "1647"]
[BlackElo "1369"]
[PlyCount "94"]

1. e4 c5 2. Nf3 d6 3. Bb5+ Bd7 4. Be2 Nc6 5. c3 Nf6 6. Qc2 Rc8 7. O-O g6 8. d3
Bg7 9. h3 O-O 10. Be3 Be6 11. Nbd2 Nd7 12. Ng5 Nb6 13. Nxe6 fxe6 14. Bg4 Qd7
15. Qb3 d5 16. Bxc5 h5 17. Bf3 d4 18. c4 Na8 19. Bd1 Nc7 20. Qa4 b6 21. Ba3 e5
22. Nf3 Ne6 23. Nh4 Kh7 24. Qc2 Bf6 25. Nf3 Nf4 26. Kh2 Nd8 27. b4 Nb7 28. Bc1
Ne6 29. a4 Rb8 30. h4 Rfc8 31. Ng5+ Nxg5 32. hxg5 Bg7 33. Rh1 Kg8 34. Kg1 Nd8
35. Qa2 Kf8 36. a5 b5 37. c5 Nc6 38. Rb1 a6 39. Bb3 Rc7 40. Be6 Qd8 41. Bf7 Qd7
42. Bxg6 e6 43. Bxh5 Ke7 44. Bg4 Rh8 45. Rh3 Rcc8 46. g6 Rxh3 47. gxh3 Bf6
1/2-1/2

[Event "Ostravský koník 2014 - FIDE Open B"]
[Site "Ostrava, CZE"]
[Date "2014.04.28"]
[Round "3"]
[White "Gemsa, Pavel"]
[Black "Gereková, Eliska"]
[Result "1-0"]
[WhiteElo "1626"]
[BlackElo "1233"]
[PlyCount "47"]

1. e4 e5 2. Nf3 Nc6 3. Bc4 Bc5 4. b4 Bxb4 5. c3 Bc5 6. d4 exd4 7. O-O Nf6 8.
cxd4 Bb4 9. a3 Ba5 10. d5 Ne7 11. e5 Ne4 12. d6 Nc6 13. Bxf7+ Kxf7 14. Qd5+ Ke8
15. Qxe4 cxd6 16. exd6+ Kf7 17. Ng5+ Kf8 18. Nxh7+ Kf7 19. Ng5+ Kf8 20. Nh7+
Kf7 21. Bb2 Re8 22. Qf5+ Kg8 23. Ng5 Rf8 24. Qh7# 1-0

[Event "Ostravský koník 2014 - FIDE Open B"]
[Site "Ostrava, CZE"]
[Date "2014.04.28"]
[Round "3"]
[White "Kopcová, Ludmila"]
[Black "Pinko, Michal"]
[Result "1-0"]
[WhiteElo "1598"]
[BlackElo "1099"]
[PlyCount "85"]

1. e4 e5 2. Nf3 Nc6 3. Bb5 Bb4 4. c3 Ba5 5. O-O Nf6 6. Bxc6 dxc6 7. Nxe5 Qe7 8.
Nf3 Bg4 9. Re1 Bb6 10. d4 O-O 11. Bg5 h6 12. Bh4 Qe6 13. Bxf6 Qxf6 14. Nbd2 c5
15. dxc5 Bxc5 16. h3 Bxf3 17. Nxf3 Rad8 18. Qc2 Bd6 19. e5 Bxe5 20. Nxe5 Rde8
21. Nd7 Rxe1+ 22. Rxe1 Qd8 23. Nxf8 Qxf8 24. Qe4 Qd6 25. Qe8+ Qf8 26. Qxf8+
Kxf8 27. Kh2 f5 28. Kg3 g5 29. Re6 Kf7 30. Rxh6 Ke7 31. Rg6 g4 32. hxg4 fxg4
33. Kxg4 Kd7 34. Kf5 c6 35. Ke5 Kc7 36. f4 Kb6 37. f5 a6 38. f6 Ka7 39. f7 Kb6
40. f8=Q Ka7 41. Rg7 Kb6 42. Qb4+ Ka7 43. Qxb7# 1-0

[Event "Ostravský koník 2014 - FIDE Open B"]
[Site "Ostrava, CZE"]
[Date "2014.04.28"]
[Round "3"]
[White "Mikulenèáková, Jana"]
[Black "Bubík, Antonín"]
[Result "1/2-1/2"]
[WhiteElo "1595"]
[BlackElo "1000"]
[PlyCount "48"]

1. e4 e5 2. Nf3 Nf6 3. d3 d6 4. Bg5 Be7 5. Nc3 Be6 6. Be2 O-O 7. O-O c6 8. Re1
Nbd7 9. d4 Qb6 10. d5 Bg4 11. dxc6 bxc6 12. b3 a5 13. a4 Rab8 14. Be3 c5 15.
Nd5 Nxd5 16. exd5 Bf6 17. Rb1 Qb7 18. c4 Rfe8 19. h3 Bf5 20. Rc1 Qxb3 21. Bd2
Qxd1 22. Rcxd1 Nb6 23. Bxa5 Nxa4 24. Bc7 Rb2 1/2-1/2

[Event "Ostravský koník 2014 - FIDE Open B"]
[Site "Ostrava, CZE"]
[Date "2014.04.28"]
[Round "3"]
[White "Szusciková, Natálie"]
[Black "Laurincová, Kristýna"]
[Result "0-1"]
[WhiteElo "1223"]
[BlackElo "1584"]
[PlyCount "102"]

1. e4 c5 2. Nf3 d6 3. Bc4 Nc6 4. Nc3 Nf6 5. d3 g6 6. Be3 Bg7 7. O-O O-O 8. Qd2
Bg4 9. Nh4 Ne5 10. Bb3 Qc8 11. Rfe1 Bd7 12. h3 Bxh3 13. g3 Qg4 14. Qe2 Qxe2 15.
Rxe2 Bg4 16. f3 Bxf3 17. Nxf3 Nxf3+ 18. Kg2 Ne5 19. Rh1 Rac8 20. Nd5 Nxd5 21.
Bxd5 Nc6 22. Kf1 Bxb2 23. Reh2 h5 24. g4 Be5 25. Rg2 e6 26. Bb3 Nd4 27. Bxd4
Bxd4 28. gxh5 Kg7 29. h6+ Kh7 30. Ke2 b5 31. c4 bxc4 32. dxc4 Rce8 33. Ba4 Rb8
34. Kf3 f5 35. exf5 Rxf5+ 36. Kg4 Rbf8 37. Kh3 Rh5+ 38. Kg4 Rxh1 39. Re2 Rg1+
40. Kh3 Rf5 41. Re4 Rh5+ 42. Rh4 Rh1+ 43. Kg2 R5xh4 44. Kf3 R1h2 45. Kg3 e5 46.
Bc2 Kxh6 47. a4 a5 48. Kf3 Rxc2 49. Kg3 Rch2 50. Kf3 e4+ 51. Kg3 Be5# 0-1

[Event "Ostravský koník 2014 - FIDE Open B"]
[Site "Ostrava, CZE"]
[Date "2014.04.28"]
[Round "3"]
[White "Lipus, Drahomír"]
[Black "Knettig, Vojtech"]
[Result "1-0"]
[WhiteElo "1568"]
[BlackElo "1000"]
[PlyCount "41"]

1. d4 d5 2. c4 c6 3. e3 Nf6 4. Nf3 e6 5. Nc3 Bb4 6. Bd3 Bxc3+ 7. bxc3 O-O 8.
O-O Ne4 9. Qc2 Na6 10. Nd2 Nxd2 11. Bxd2 c5 12. Bxh7+ Kh8 13. Bd3 cxd4 14. cxd4
Nc7 15. Bb4 Re8 16. Qe2 g6 17. Qf3 Bd7 18. Qxf7 Qg5 19. Bxg6 Qh6 20. Be7 Qg7
21. Bf6 1-0

[Event "Ostravský koník 2014 - FIDE Open B"]
[Site "Ostrava, CZE"]
[Date "2014.04.28"]
[Round "3"]
[White "Odlevák, Marek"]
[Black "Gresová, Zuzana"]
[Result "0-1"]
[WhiteElo "1217"]
[BlackElo "1550"]
[PlyCount "92"]

1. e4 c5 2. Nf3 e6 3. Nc3 Nc6 4. g3 a6 5. Bg2 Nge7 6. d3 g6 7. Bg5 Bg7 8. Rb1
O-O 9. O-O h6 10. Be3 b6 11. Re1 Bb7 12. d4 cxd4 13. Nxd4 f5 14. exf5 gxf5 15.
Nxc6 Bxc6 16. Bxc6 Nxc6 17. Na4 Rb8 18. c4 Rf7 19. b4 f4 20. Bxf4 e5 21. Be3
Nd4 22. Kh1 Qc7 23. Rg1 Qxc4 24. Qh5 Qc6+ 25. Rg2 Qxa4 26. Rb2 Nf3 27. Rb1 Qxa2
28. Rf1 Qe6 29. Rc1 d5 30. Ra1 d4 31. Rf1 dxe3 32. fxe3 e4 33. Rgf2 Rd8 34. g4
Rd5 35. Qh3 h5 36. Qg3 Be5 37. Qg2 hxg4 38. h4 Rh7 39. Rxf3 exf3 40. Qa2 Rxh4+
41. Kg1 Bh2+ 42. Kf2 g3+ 43. Kxf3 Rf5+ 44. Ke2 Qxa2+ 45. Ke1 Rxf1+ 46. Kxf1
Qf2# 0-1

[Event "Ostravský koník 2014 - FIDE Open B"]
[Site "Ostrava, CZE"]
[Date "2014.04.28"]
[Round "3"]
[White "Frank, Martin"]
[Black "Zidek, Daniel"]
[Result "0-1"]
[WhiteElo "1100"]
[BlackElo "1475"]
[PlyCount "116"]

1. e4 g6 2. d4 Bg7 3. Nf3 d6 4. Be3 Nf6 5. Nc3 O-O 6. h3 c6 7. Bc4 Nxe4 8. Nxe4
d5 9. Bd3 dxe4 10. Bxe4 Nd7 11. Qd2 Nf6 12. Bd3 Be6 13. Bh6 b5 14. Bxg7 Kxg7
15. Ng5 Qxd4 16. Nxe6+ fxe6 17. O-O-O b4 18. Rhe1 e5 19. g4 a5 20. g5 Nd5 21.
Re4 Qxf2 22. Qxf2 Rxf2 23. Rxe5 a4 24. Bc4 Kf8 25. Bxd5 cxd5 26. Rexd5 Kf7 27.
Rb5 b3 28. cxb3 axb3 29. a3 Rc8+ 30. Kb1 Rf3 31. h4 Rc4 32. Rb4 Rxb4 33. axb4
Rf4 34. b5 Rxh4 35. Rf1+ Ke8 36. Kc1 Rb4 37. Rh1 Rxb5 38. Rxh7 Rxg5 39. Rh8+
Kf7 40. Rb8 Rg3 41. Kd2 e5 42. Ke2 Rg2+ 43. Ke3 Rxb2 44. Ke4 Rb1 45. Kxe5 b2
46. Kf4 Rf1+ 47. Kg5 b1=Q 48. Rxb1 Rxb1 49. Kf4 Rf1+ 50. Kg5 Rf5+ 51. Kg4 Kf6
52. Kg3 g5 53. Kg4 Rf4+ 54. Kg3 Kf5 55. Kg2 Kg4 56. Kh2 Rf2+ 57. Kg1 Kg3 58.
Kh1 Rf1# 0-1

[Event "Ostravský koník 2014 - FIDE Open B"]
[Site "Ostrava, CZE"]
[Date "2014.04.28"]
[Round "3"]
[White "Kuzel, Jaroslav"]
[Black "Kopec, Ladislav"]
[Result "0-1"]
[WhiteElo "1000"]
[BlackElo "1450"]
[PlyCount "66"]

1. e4 c5 2. d4 cxd4 3. Qxd4 Nc6 4. Qc3 d5 5. Bh6 Nxh6 6. f3 e6 7. g4 a6 8. g5
Qxg5 9. Nd2 Be7 10. O-O-O Bd7 11. Nh3 Qf6 12. Qxf6 Bxf6 13. Nc4 Be7 14. Nb6 Rd8
15. f4 Ng8 16. Rg1 g6 17. f5 exf5 18. exf5 Bxf5 19. Ng5 h6 20. Nf3 Nf6 21. Nd4
Nxd4 22. Rxd4 O-O 23. h4 h5 24. Na4 Ne4 25. Nc3 Nxc3 26. bxc3 Bxh4 27. c4 dxc4
28. Rxd8 Rxd8 29. Kb2 Bf6+ 30. Ka3 Rd2 31. Kb4 Rxc2 32. a4 c3 33. Kb3 Rf2 0-1

[Event "Ostravský koník 2014 - FIDE Open B"]
[Site "Ostrava, CZE"]
[Date "2014.04.29"]
[Round "4"]
[White "Milat, Patrik"]
[Black "Snyta, Zdenek"]
[Result "1-0"]
[WhiteElo "2006"]
[BlackElo "2091"]
[PlyCount "93"]

1. d4 Nf6 2. c4 e6 3. Nc3 Bb4 4. Qc2 d5 5. Bg5 O-O 6. e3 h6 7. Bh4 c5 8. Nf3
cxd4 9. exd4 Nc6 10. a3 Be7 11. Rd1 Na5 12. c5 Bd7 13. Ne5 Nc6 14. Nxc6 bxc6
15. Be2 Bc8 16. b4 a5 17. O-O axb4 18. axb4 Ba6 19. Ra1 Bxe2 20. Qxe2 Qb8 21.
Rxa8 Qxa8 22. Qb2 Qb7 23. b5 cxb5 24. Qxb5 Qa8 25. Na4 Rb8 26. Nb6 Qb7 27. Bg3
Rc8 28. Rb1 Rc6 29. Nxd5 Qxb5 30. Nxe7+ Kf8 31. Rxb5 Kxe7 32. Bd6+ Kd8 33. Rb8+
Rc8 34. Be7+ Kd7 35. Rxc8 Kxc8 36. Bxf6 gxf6 37. f4 Kc7 38. Kf2 Kc6 39. Ke3 Kd5
40. Kd3 e5 41. fxe5 fxe5 42. dxe5 h5 43. h4 Kxc5 44. Ke4 Kc6 45. Kf5 Kd5 46. g3
Kd4 47. e6 1-0

[Event "Ostravský koník 2014 - FIDE Open B"]
[Site "Ostrava, CZE"]
[Date "2014.04.29"]
[Round "4"]
[White "Dvorak, Vladimir"]
[Black "Zeman, Arnost"]
[Result "1-0"]
[WhiteElo "2046"]
[BlackElo "1993"]
[PlyCount "73"]

1. e4 c5 2. Nc3 Nc6 3. f4 g6 4. Nf3 Bg7 5. Bb5 d6 6. Bxc6+ bxc6 7. O-O e6 8. d3
Ne7 9. Qe1 d5 10. e5 a5 11. b3 c4 12. dxc4 a4 13. Ba3 axb3 14. axb3 O-O 15. Qf2
Ba6 16. Rfd1 Re8 17. Ne4 Nc8 18. Bb2 Re7 19. Qh4 Rd7 20. Nf6+ Bxf6 21. exf6 Nd6
22. g4 Kh8 23. Ne5 Kg8 24. Rd3 Rc7 25. Rh3 h5 26. Nf3 Rb7 27. c5 Ne4 28. gxh5
g5 29. Nxg5 Nxc5 30. Rg3 Kh8 31. Bd4 Ne4 32. Nxe4 dxe4 33. c3 Rbb8 34. h6 Qd5
35. h7 Qf5 36. Rg5 Be2 37. Rxa8 1-0

[Event "Ostravský koník 2014 - FIDE Open B"]
[Site "Ostrava, CZE"]
[Date "2014.04.29"]
[Round "4"]
[White "Kondula, Lukas"]
[Black "Kocur, Valter"]
[Result "1/2-1/2"]
[WhiteElo "1997"]
[BlackElo "2061"]
[PlyCount "70"]

1. e4 c5 2. Nf3 e6 3. d4 cxd4 4. Nxd4 a6 5. Bd3 Nc6 6. Nb3 Nf6 7. O-O Be7 8.
Nc3 O-O 9. Re1 d6 10. Be3 b5 11. f4 Qc7 12. Bf2 Rd8 13. Qe2 Nb4 14. a3 Nxd3 15.
cxd3 Bd7 16. Rac1 Rdb8 17. Nd5 Qd8 18. Nxe7+ Qxe7 19. Bh4 e5 20. fxe5 Qxe5 21.
d4 Qe6 22. d5 Qe5 23. Bxf6 Qxf6 24. Qf2 Qxf2+ 25. Kxf2 Rc8 26. Ke3 f5 27. exf5
Rxc1 28. Rxc1 Re8+ 29. Kf4 Re5 30. g4 Rxd5 31. Rc7 Be8 32. Ke4 Re5+ 33. Kd3 g6
34. Nd4 gxf5 35. Nxf5 Bg6 1/2-1/2

[Event "Ostravský koník 2014 - FIDE Open B"]
[Site "Ostrava, CZE"]
[Date "2014.04.29"]
[Round "4"]
[White "Hajek, Oskar"]
[Black "Reznicek, Marcel"]
[Result "0-1"]
[WhiteElo "1947"]
[BlackElo "2074"]
[PlyCount "84"]

1. d4 Nf6 2. c4 g6 3. Nc3 d5 4. cxd5 Nxd5 5. e4 Nxc3 6. bxc3 Bg7 7. Nf3 c5 8.
Rb1 O-O 9. Be2 cxd4 10. cxd4 Qa5+ 11. Bd2 Qxa2 12. O-O Qe6 13. Re1 Qxe4 14. Rb3
Qd5 15. Bd3 Nc6 16. Rb5 Qd8 17. d5 a6 18. Rc5 Nd4 19. Rc4 Bg4 20. Be4 Bxf3 21.
Bxf3 b5 22. Rc1 Nxf3+ 23. Qxf3 Qd7 24. Bb4 Rfe8 25. d6 exd6 26. Red1 Be5 27.
Rc5 Rac8 28. Rcd5 Rc4 29. Qa3 Rc6 30. g3 g5 31. Qe3 f6 32. Qa3 Re6 33. h4 h6
34. h5 f5 35. Qd3 f4 36. Rxe5 Rxe5 37. Qg6+ Qg7 38. Qd3 fxg3 39. fxg3 Qa7+ 40.
Kg2 Qf7 41. Bc3 Rxc3 42. Qxc3 Re2+ 0-1

[Event "Ostravský koník 2014 - FIDE Open B"]
[Site "Ostrava, CZE"]
[Date "2014.04.29"]
[Round "4"]
[White "Dobes, Ludek"]
[Black "Petrov, Bogoljub"]
[Result "1/2-1/2"]
[WhiteElo "2066"]
[BlackElo "1953"]
[PlyCount "114"]

1. d4 Nf6 2. Nf3 g6 3. g3 Bg7 4. Bg2 O-O 5. O-O c6 6. c4 e6 7. b3 d5 8. Nbd2
Ne4 9. Bb2 f5 10. Nxe4 fxe4 11. Ne5 Nd7 12. Qc2 Nxe5 13. dxe5 Rf5 14. Rad1 Qe7
15. f3 exf3 16. exf3 Bd7 17. f4 Raf8 18. Bc1 R5f7 19. Be3 b6 20. a4 Ra8 21. a5
Qd8 22. axb6 axb6 23. Qf2 Bxe5 24. Bxb6 Bc7 25. Bxc7 Qxc7 26. Ra1 Rff8 27. Qc5
Qb7 28. Qd6 Rad8 29. Bh3 Rfe8 30. Qa3 e5 31. f5 Bxf5 32. Bxf5 gxf5 33. Rxf5 Rd7
34. Raf1 Qa7+ 35. Qxa7 Rxa7 36. Re1 Rae7 37. Rd1 e4 38. c5 Rd8 39. Kf2 d4 40.
Ke2 e3 41. Kd3 Rf8 42. Rg5+ Kh8 43. Rg4 e2 44. Re1 Rf3+ 45. Kd2 d3 46. Rd4 Ree3
47. b4 Kg7 48. b5 cxb5 49. c6 Re6 50. Rxd3 Rxd3+ 51. Kxd3 Rxc6 52. Rxe2 Kf7 53.
Rb2 Rb6 54. Kd4 h5 55. Kc5 Rb8 56. Rxb5 Rxb5+ 57. Kxb5 h4 1/2-1/2

[Event "Ostravský koník 2014 - FIDE Open B"]
[Site "Ostrava, CZE"]
[Date "2014.04.29"]
[Round "4"]
[White "Sovadina, Jiri"]
[Black "Omamik, Pavel"]
[Result "1-0"]
[WhiteElo "1926"]
[BlackElo "2044"]
[PlyCount "109"]

1. e4 c5 2. d3 Nc6 3. g3 g6 4. Bg2 Bg7 5. Nd2 e6 6. Ngf3 Nge7 7. O-O O-O 8. c3
b6 9. Re1 Bb7 10. Nc4 d5 11. exd5 exd5 12. Nce5 f6 13. Nxc6 Nxc6 14. d4 c4 15.
Be3 Qd7 16. Qd2 Rfe8 17. Bh6 Bh8 18. Rxe8+ Rxe8 19. Re1 Rxe1+ 20. Qxe1 Nd8 21.
Bh3 Qf7 22. Bc1 Bc6 23. Qe2 Bd7 24. Bg2 Bg7 25. h3 Bf5 26. Ne1 Bf8 27. g4 Bb1
28. a3 g5 29. f4 h6 30. fxg5 hxg5 31. Bf3 Kg7 32. Bd2 Bd6 33. Qg2 Qd7 34. Bxd5
Bf4 35. Bxc4 Be4 36. Qe2 Bxd2 37. Qxd2 Qc7 38. Qe2 Qg3+ 39. Ng2 Bxg2 40. Qxg2
Qe3+ 41. Kh1 Qc1+ 42. Bf1 Ne6 43. Kh2 Qf4+ 44. Kg1 Qc1 45. Qf2 Nf4 46. Kh2 Qd1
47. c4 Kf7 48. d5 Ke7 49. Bg2 Kd6 50. b4 Qc1 51. Qd4 Ke7 52. c5 Qxa3 53. d6+
Kf7 54. d7 Qa2 55. Qxf4 1-0

[Event "Ostravský koník 2014 - FIDE Open B"]
[Site "Ostrava, CZE"]
[Date "2014.04.29"]
[Round "4"]
[White "Hastik, Svatopluk"]
[Black "Hlubina, Pavel"]
[Result "1-0"]
[WhiteElo "2037"]
[BlackElo "1930"]
[PlyCount "55"]

1. d4 Nf6 2. c4 g6 3. d5 c5 4. Nc3 d6 5. e4 Bg7 6. Be2 O-O 7. f4 e6 8. Nf3 exd5
9. cxd5 Re8 10. e5 dxe5 11. fxe5 Ng4 12. Bg5 Qb6 13. O-O Nxe5 14. Nxe5 Bxe5 15.
Bc4 f5 16. d6+ Kg7 17. Be7 Bd4+ 18. Kh1 Nc6 19. Nd5 Qa5 20. Nc7 Bd7 21. Nxe8+
Rxe8 22. Qb3 Nxe7 23. dxe7 Bc6 24. Rae1 Be4 25. Rxe4 fxe4 26. Qxb7 Qb4 27. Rf7+
Kh6 28. Qxe4 1-0

[Event "Ostravský koník 2014 - FIDE Open B"]
[Site "Ostrava, CZE"]
[Date "2014.04.29"]
[Round "4"]
[White "Blecha, Josef"]
[Black "Trombik, Karel"]
[Result "0-1"]
[WhiteElo "1890"]
[BlackElo "2016"]
[PlyCount "35"]

1. e4 Nf6 2. e5 Nd5 3. d4 d6 4. c4 Nb6 5. exd6 cxd6 6. Nc3 Nc6 7. Be3 Bf5 8. a3
e6 9. Nf3 Be7 10. Bd3 Bxd3 11. Qxd3 O-O 12. O-O Rc8 13. b3 Bf6 14. Rab1 d5 15.
c5 Nd7 16. b4 h6 17. Rfd1 Ne7 18. b5 0-1

[Event "Ostravský koník 2014 - FIDE Open B"]
[Site "Ostrava, CZE"]
[Date "2014.04.29"]
[Round "4"]
[White "Radecki, Petr"]
[Black "Albertovic, Lukas"]
[Result "1-0"]
[WhiteElo "2013"]
[BlackElo "1923"]
[PlyCount "113"]

1. d4 d5 2. c4 e6 3. Nc3 Nf6 4. Bg5 Be7 5. e3 h6 6. Bh4 Nbd7 7. Nf3 c5 8. cxd5
Nxd5 9. Bxe7 Nxe7 10. dxc5 O-O 11. b4 a5 12. a3 b6 13. cxb6 axb4 14. axb4 Rxa1
15. Qxa1 Qxb6 16. b5 Bb7 17. Be2 Nd5 18. Nxd5 Bxd5 19. Qc3 Nc5 20. O-O Ne4 21.
Qd4 Rb8 22. Rc1 Nd6 23. Qxb6 Rxb6 24. Nd4 Rb7 25. f3 f5 26. Rc5 Kf7 27. Bd3 Kf6
28. Kf2 Rb6 29. Ke2 Nb7 30. Rc7 Nd6 31. Rc5 Nb7 32. Rc3 Nd6 33. Rc5 Nb7 34. Rc2
Nd6 35. Rb2 e5 36. Nxf5 Nxf5 37. Bxf5 Kxf5 38. e4+ Bxe4 39. fxe4+ Kxe4 40. Rb4+
Kd5 41. Ke3 Kc5 42. Rb1 Rxb5 43. Rxb5+ Kxb5 44. Ke4 Kc6 45. Kxe5 Kd7 46. Kf5
Ke7 47. Kg6 Kf8 48. g4 Kg8 49. h4 Kf8 50. Kh7 Kf7 51. g5 hxg5 52. hxg5 g6 53.
Kh6 Kf8 54. Kxg6 Kg8 55. Kh6 Kh8 56. g6 Kg8 57. g7 1-0

[Event "Ostravský koník 2014 - FIDE Open B"]
[Site "Ostrava, CZE"]
[Date "2014.04.29"]
[Round "4"]
[White "Stanek, Stanislav"]
[Black "Pisa, Vladimir"]
[Result "1-0"]
[WhiteElo "1917"]
[BlackElo "1981"]
[PlyCount "117"]

1. Nc3 d5 2. e4 d4 3. Nce2 e5 4. Ng3 Nf6 5. Bc4 Bd6 6. d3 Nc6 7. a3 Be6 8. Ba2
Bxa2 9. Rxa2 Qd7 10. Nf3 O-O-O 11. h3 h6 12. Nh2 g5 13. Nh5 Nxh5 14. Qxh5 Rdf8
15. Nf1 Kb8 16. Ng3 Ne7 17. Qg4 f5 18. exf5 Nxf5 19. Ne4 Qf7 20. Ra1 Rhg8 21.
g3 Be7 22. Qe2 Qd5 23. f3 Rf7 24. Bd2 Rgf8 25. Rf1 c5 26. b3 Nd6 27. Rf2 Nxe4
28. dxe4 Qd7 29. g4 Bd8 30. Qd3 Rf6 31. c4 Ra6 32. Ke2 h5 33. a4 hxg4 34. fxg4
Rxf2+ 35. Kxf2 Qh7 36. Kg2 Qg6 37. Rf1 Rf6 38. Rf3 Qf7 39. Kf2 Rxf3+ 40. Qxf3
Qxf3+ 41. Kxf3 Kc8 42. h4 gxh4 43. g5 Kd7 44. Kg4 Ke6 45. Kxh4 Kf7 46. Kh5 Kg7
47. g6 Bf6 48. Bh6+ Kg8 49. Kg4 Bg7 50. Bg5 Bf8 51. Kf5 Bd6 52. Ke6 Bc7 53. Bd2
Kg7 54. Kd7 Bb8 55. Kc8 Bd6 56. Kxb7 a5 57. Bxa5 Be7 58. Be1 Bg5 59. a5 1-0